000 00694nam a2200241Ia 4500
003 OSt
005 20220928124001.0
006 a|||||r|||| 00| 0
007 ta
008 220927b |||||||| |||| 00| 0 eng d
024 _a40827
037 _cTextual
040 _aSDCL
_cSDCL
_beng
041 _2eng
_aeng
082 _aR6xNx, P2
100 _aOlson Carl
_9459171
245 0 _aIndian philosophers and postmodern thinkers
_b Dialogues on the margins of culture.
260 _aOxford
_bOxford University Press
_c2002
300 _axv,331p.
_ccm.
650 _aIndian Philosophy
_9404384
942 _hR6xNx, P2
_cTEXL
_2CC
999 _c775947
_d775947